00426nam a22001577a 450000500170000000800410001702000160005804100120007408200120008610000120009824500290011025000190013926000550015830000300021365000250024320240924101648.0240924b |||||||| |||| 00| 0 eng d a040900345 X aEnglish a349 JOU lEnglish aThe Law of South Africa  aFirst Reissue  aDurban: bButterworth Publishers (Pty) Ltd, c2002 bvii, 566 pages; c26 cm.  aLegal practice bLaw